00726nam a2200217 i 450000100060000000300090000600500170001500700030003200800410003510000390007624501580011525000150027326000360028830000220032449000220034665000360036870000220040470000280042683000220045485200320047686589ES-MaACL20250728110240.0t|041214s1968 sp ||||1| cat d1 aKierkegaard, Søren (d1813-1855)13aLa dificultat d'esser cristia / cSoeren Kierkegaard ; presentació i tria de textos per Jacques Colette ; [traductora catalana, Mariona Serra de Sala]. a[1ª ed.]. a[Barcelona] : bAriel, c[1968] a338 p. ; c19 cm.1 aLlibres del Nopal07aReligión y filosofía2embne1 aColette, Jacques.1 aSerra de Sala, Mariona.0 aLlibres del Nopal aES-MaACLjC-50292 bR.66875